[Event "FBL W"]
[Site "?"]
[Date "2018.10.27"]
[Round "1.2"]
[White "Plass, Mariana Camelia"]
[Black "Glinzner, Alva"]
[Result "0-1"]
[WhiteElo "2046"]
[BlackElo "1787"]
[PlyCount "84"]
[EventDate "2018.10.27"]
[EventType "team-tourn"]
[EventCountry "GER"]
[WhiteTeam "Bochum SV Wattenscheid"]
[BlackTeam "Luebeck SV"]
[WhiteTeamCountry "GER"]
[BlackTeamCountry "GER"]

1. d4 Nf6 2. c4 e6 3. g3 d5 4. Bg2 Be7 5. Nf3 Nbd7 6. Nc3 c6 7. Qd3 b6 8. cxd5
exd5 9. O-O O-O 10. Bf4 Bb7 11. Ne5 Nxe5 12. dxe5 Nd7 13. h4 Re8 14. Rfd1 Nc5
15. Qd2 Ne6 16. e4 d4 17. Ne2 c5 18. b4 Rc8 19. bxc5 bxc5 20. Qc1 Qc7 21. Bf3
Red8 22. Qc4 Qc6 23. a4 Ba6 24. Qa2 c4 25. Bg4 Bc5 26. Bg5 Rd7 27. Nf4 Qxe4 28.
Nxe6 Qxg4 29. Nxc5 Rxc5 30. Qa3 Rc8 31. Kg2 Bb7+ 32. f3 d3 33. Rf1 Qd4 34. Rab1
Qxe5 35. Qb4 Qd5 36. Qc3 h6 37. Bd2 Re8 38. Rb5 Re2+ 39. Kg1 Qe6 40. Re1 Rxe1+
41. Bxe1 Qe3+ 42. Kf1 Qxf3+ 0-1

[Event "FBL W"]
[Site "?"]
[Date "2018.10.27"]
[Round "1.3"]
[White "Mundt, Alexandra"]
[Black "Wirths, Clara"]
[Result "1/2-1/2"]
[WhiteElo "1679"]
[BlackElo "1999"]
[PlyCount "40"]
[EventDate "2018.10.27"]
[EventType "team-tourn"]
[EventCountry "GER"]
[WhiteTeam "Luebeck SV"]
[BlackTeam "Bochum SV Wattenscheid"]
[WhiteTeamCountry "GER"]
[BlackTeamCountry "GER"]

1. Nf3 Nf6 2. c4 d5 3. g3 Bg4 4. Bg2 e6 5. O-O Be7 6. b3 O-O 7. Bb2 Nbd7 8. d4
dxc4 9. bxc4 c5 10. e3 Rc8 11. Nbd2 cxd4 12. exd4 Bb4 13. Qb3 Bxd2 14. Nxd2 b6
15. Rac1 Qc7 16. h3 Bh5 17. Rfe1 Rfd8 18. Qe3 Bg6 19. Nb3 h6 20. Red1 Re8
1/2-1/2

[Event "FBL W"]
[Site "?"]
[Date "2018.10.27"]
[Round "1.4"]
[White "Doepper, Anna Berenice"]
[Black "Fett, Sabine"]
[Result "1-0"]
[WhiteElo "1859"]
[BlackElo "1724"]
[PlyCount "47"]
[EventDate "2018.10.27"]
[EventType "team-tourn"]
[EventCountry "GER"]
[WhiteTeam "Bochum SV Wattenscheid"]
[BlackTeam "Luebeck SV"]
[WhiteTeamCountry "GER"]
[BlackTeamCountry "GER"]

1. a3 Nf6 2. e3 c5 3. d4 e6 4. c4 d5 5. Nc3 Nc6 6. Nf3 a6 7. Bd3 dxc4 8. Bxc4
b5 9. Bd3 cxd4 10. exd4 g6 11. O-O Bg7 12. Be3 O-O 13. Qe2 Bb7 14. Rad1 Ne7 15.
Rfe1 Rc8 16. Bb1 Ned5 17. Ne4 Nxe3 18. Nxf6+ Qxf6 19. fxe3 Bd5 20. e4 Bc4 21.
Qe3 Rfd8 22. b3 Bxb3 23. Qxb3 Qf4 24. e5 1-0

[Event "FBL W"]
[Site "?"]
[Date "2018.10.27"]
[Round "1.6"]
[White "Buechle, Regina"]
[Black "Braeutigam, Katerina"]
[Result "1-0"]
[WhiteElo "1841"]
[BlackElo "1696"]
[PlyCount "125"]
[EventDate "2018.10.27"]
[EventType "team-tourn"]
[EventCountry "GER"]
[WhiteTeam "Bochum SV Wattenscheid"]
[BlackTeam "Luebeck SV"]
[WhiteTeamCountry "GER"]
[BlackTeamCountry "GER"]

1. d4 Nf6 2. Nf3 e6 3. c4 b6 4. a3 Bb7 5. Nc3 c5 6. d5 exd5 7. cxd5 d6 8. e4
Qe7 9. Bb5+ Nbd7 10. Qe2 a6 11. Bd3 g6 12. O-O Bg7 13. h3 O-O 14. Bg5 b5 15.
Qd2 c4 16. Bc2 Nc5 17. Rae1 Rad8 18. Bh6 Rfe8 19. Bxg7 Kxg7 20. Qd4 Kg8 21. Nd2
Qe5 22. Qxe5 Rxe5 23. Re3 Rde8 24. Rfe1 Nh5 25. b4 cxb3 26. Nxb3 Nxb3 27. Bxb3
f5 28. exf5 Rxe3 29. Rxe3 Rxe3 30. fxe3 gxf5 31. Kf2 Kf7 32. Kf3 Kf6 33. g4 Ng7
34. Kf4 fxg4 35. hxg4 Ne8 36. g5+ Kf7 37. Bc2 Kg7 38. e4 h6 39. gxh6+ Kxh6 40.
e5 Kg7 41. Bd3 Kf7 42. exd6 Nxd6 43. Ke5 Ke7 44. Kd4 Kd7 45. Kc5 Kc7 46. Ne4
Nc8 47. d6+ Kd7 48. Nf6+ Kd8 49. Be4 Nxd6 50. Kxd6 Bxe4 51. Nxe4 a5 52. Nc5 b4
53. a4 Kc8 54. Kc6 Kb8 55. Kb5 Ka8 56. Kxa5 Ka7 57. Kxb4 Kb6 58. a5+ Ka7 59.
Kb5 Kb8 60. Kb6 Ka8 61. Ne6 Kb8 62. a6 Ka8 63. Nc7+ 1-0

[Event "FBL W"]
[Site "?"]
[Date "2018.10.27"]
[Round "1.1"]
[White "Freitag, Julia"]
[Black "Kickert, Germaine Helene"]
[Result "1-0"]
[WhiteElo "2140"]
[BlackElo "1997"]
[PlyCount "73"]
[EventDate "2018.10.27"]
[EventType "team-tourn"]
[EventCountry "GER"]
[WhiteTeam "Steinfurt SC"]
[BlackTeam "Delmenhorster SK"]
[WhiteTeamCountry "GER"]
[BlackTeamCountry "GER"]

1. d4 Nf6 2. e3 g6 3. f4 Bg7 4. Nf3 O-O 5. c3 d6 6. Bd3 Nbd7 7. f5 e5 8. fxe6
fxe6 9. O-O d5 10. Ng5 Qe7 11. e4 Nxe4 12. Rxf8+ Nxf8 13. Nxe4 dxe4 14. Bxe4 c6
15. Be3 e5 16. d5 Bf5 17. Qf3 Qh4 18. Nd2 Bxe4 19. Nxe4 cxd5 20. Ng5 Qc4 21.
Qf7+ Kh8 22. Qxb7 Rc8 23. Rf1 Rc7 24. Qb8 Kg8 25. Ne6 Rc8 26. Qxa7 Nxe6 27.
Qf7+ Kh8 28. Qxe6 d4 29. Qxc4 Rxc4 30. cxd4 exd4 31. Rc1 Rxc1+ 32. Bxc1 d3 33.
Kf2 d2 34. Bxd2 Bxb2 35. a4 Kg7 36. a5 Kf6 37. a6 1-0

[Event "FBL W"]
[Site "?"]
[Date "2018.10.27"]
[Round "1.2"]
[White "Moenster, Madita"]
[Black "Engels, Natia"]
[Result "1-0"]
[WhiteElo "1817"]
[BlackElo "2165"]
[PlyCount "117"]
[EventDate "2018.10.27"]
[EventType "team-tourn"]
[EventCountry "GER"]
[WhiteTeam "Delmenhorster SK"]
[BlackTeam "Steinfurt SC"]
[WhiteTeamCountry "GER"]
[BlackTeamCountry "GER"]

1. e4 c5 2. Nf3 d6 3. d4 cxd4 4. Nxd4 Nf6 5. Nc3 g6 6. Be3 Bg7 7. f3 O-O 8. Bc4
Nc6 9. Bb3 Na5 10. Qd2 Nxb3 11. Nxb3 a5 12. a4 Be6 13. h4 h5 14. g4 Rc8 15. Nd4
Bc4 16. O-O-O e5 17. Ndb5 d5 18. exd5 Bxb5 19. Nxb5 e4 20. Bh6 e3 21. Bxe3 Re8
22. gxh5 Nxh5 23. Rdg1 Rxe3 24. Qxe3 Qxd5 25. Kb1 Qc6 26. Qb3 Qf6 27. Rd1 Ng3
28. Rhg1 Nf5 29. Rd7 Ne3 30. Nd4 Nc4 31. Rd1 Nb6 32. Rxb7 Nc4 33. Rb8 Rxb8 34.
Qxb8+ Kh7 35. Qb3 Nb6 36. c4 Nd7 37. Qb5 Ne5 38. c5 Nxf3 39. Nxf3 Qxf3 40. Qd3
Qg4 41. c6 Be5 42. Qc2 Kg7 43. Re1 Bc7 44. Qc3+ Kh7 45. Qf6 Qc4 46. h5 gxh5 47.
Qf5+ Kh6 48. Rc1 Qe6 49. Qf3 Qg6+ 50. Ka1 f6 51. Rd1 Qg5 52. Qf2 Be5 53. Rg1
Qf4 54. Qc2 f5 55. Qb3 Qd4 56. Rg2 h4 57. c7 Qd7 58. Qb6+ Bd6 59. c8=Q 1-0

[Event "FBL W"]
[Site "?"]
[Date "2018.10.27"]
[Round "1.3"]
[White "Miljkovic, Jovana"]
[Black "Wallat, Jessica"]
[Result "1-0"]
[WhiteElo "1995"]
[BlackElo "1729"]
[PlyCount "49"]
[EventDate "2018.10.27"]
[EventType "team-tourn"]
[EventCountry "GER"]
[WhiteTeam "Steinfurt SC"]
[BlackTeam "Delmenhorster SK"]
[WhiteTeamCountry "GER"]
[BlackTeamCountry "GER"]

1. Nf3 Nf6 2. c4 c5 3. Nc3 g6 4. e4 d6 5. d4 cxd4 6. Nxd4 Bg7 7. Be2 O-O 8. Be3
Nc6 9. O-O Bd7 10. Rc1 Rc8 11. f3 Qb6 12. Na4 Qa5 13. Nb5 Ne5 14. b3 Bxb5 15.
cxb5 Ra8 16. Qc2 Rfc8 17. Qxc8+ Rxc8 18. Rxc8+ Bf8 19. Ra8 b6 20. a3 d5 21. Rd1
Nc4 22. Bxc4 dxc4 23. Bh6 Nd7 24. b4 Qxb5 25. Rxd7 1-0

[Event "FBL W"]
[Site "?"]
[Date "2018.10.27"]
[Round "1.4"]
[White "Wollscheid, Stefanie"]
[Black "Moeller, Hannah"]
[Result "0-1"]
[WhiteElo "1804"]
[BlackElo "1827"]
[PlyCount "74"]
[EventDate "2018.10.27"]
[EventType "team-tourn"]
[EventCountry "GER"]
[WhiteTeam "Delmenhorster SK"]
[BlackTeam "Steinfurt SC"]
[WhiteTeamCountry "GER"]
[BlackTeamCountry "GER"]

1. e4 g6 2. Nf3 Bg7 3. Bc4 d6 4. Ng5 e6 5. d4 Nf6 6. Qf3 O-O 7. e5 dxe5 8. dxe5
Nfd7 9. Qh3 h6 10. Nxf7 Rxf7 11. Bxe6 Qe7 12. Bxf7+ Qxf7 13. O-O Qf8 14. Qb3+
Kh7 15. f4 Nc6 16. Be3 Nb6 17. Nd2 Bf5 18. a4 Nb4 19. c3 Nc2 20. Bf2 Nxa1 21.
Rxa1 Qd8 22. Nf3 Qe7 23. Nd4 Be4 24. c4 c5 25. Nb5 Nd7 26. Nd6 Bc6 27. Qc2 Rf8
28. f5 Qxe5 29. fxg6+ Kg8 30. Nf7 Qe4 31. Qxe4 Bxe4 32. Rd1 Bxg6 33. Nxh6+ Bxh6
34. Rxd7 Rf7 35. Rd8+ Kh7 36. Bxc5 b6 37. Bb4 Be3+ 0-1

[Event "FBL W"]
[Site "?"]
[Date "2018.10.27"]
[Round "1.5"]
[White "Veldhuis, Karina"]
[Black "Wenke, Andrea"]
[Result "1-0"]
[WhiteElo "1847"]
[BlackElo "1771"]
[PlyCount "67"]
[EventDate "2018.10.27"]
[EventType "team-tourn"]
[EventCountry "GER"]
[WhiteTeam "Steinfurt SC"]
[BlackTeam "Delmenhorster SK"]
[WhiteTeamCountry "GER"]
[BlackTeamCountry "GER"]

1. d4 d6 2. Nf3 g6 3. e3 Bg7 4. Bd3 Bg4 5. h3 Bd7 6. Nbd2 Nf6 7. c3 O-O 8. O-O
Qc8 9. e4 Nh5 10. Nc4 Nc6 11. Bg5 f6 12. Be3 e5 13. Re1 Kh8 14. Be2 Ne7 15. Nh2
Nf4 16. Bxf4 exf4 17. Bg4 f5 18. exf5 Nxf5 19. Bf3 Rb8 20. Nd2 b6 21. Ne4 h6
22. Qd2 Nh4 23. Qd3 Bf5 24. Qd1 d5 25. Nd2 c6 26. Bg4 Qd7 27. Bxf5 Nxf5 28.
Ndf3 b5 29. Ng4 b4 30. Qd2 a5 31. Nge5 Qd6 32. Qxf4 bxc3 33. bxc3 Ne7 34. Nf7+
1-0

[Event "FBL W"]
[Site "?"]
[Date "2018.10.27"]
[Round "1.6"]
[White "Kohls, Vera"]
[Black "Schmitz, Carolin"]
[Result "0-1"]
[WhiteElo "1749"]
[BlackElo "1741"]
[PlyCount "64"]
[EventDate "2018.10.27"]
[EventType "team-tourn"]
[EventCountry "GER"]
[WhiteTeam "Delmenhorster SK"]
[BlackTeam "Steinfurt SC"]
[WhiteTeamCountry "GER"]
[BlackTeamCountry "GER"]

1. Nf3 d5 2. d4 Nf6 3. Bg5 e6 4. c3 Be7 5. Nbd2 O-O 6. Qc2 Nbd7 7. e4 dxe4 8.
Nxe4 Nxe4 9. Bxe7 Qxe7 10. Qxe4 Nf6 11. Qc2 Bd7 12. Ne5 Rfc8 13. b4 a5 14. a3
axb4 15. cxb4 Ba4 16. Qc5 Qd8 17. Bd3 b6 18. Qc3 Nd5 19. Qb2 f6 20. Nf3 Nf4 21.
Be4 f5 22. Bb1 Bc6 23. Qd2 Nxg2+ 24. Ke2 Nh4 25. Nxh4 Bxh1 26. Nxf5 exf5 27.
Bxf5 Qe8+ 28. Kd3 Qb5+ 29. Kc3 Qxf5 30. Rxh1 Rxa3+ 31. Kb2 Rca8 32. Qc1 Qxf2+
0-1

[Event "FBL W"]
[Site "?"]
[Date "2018.10.27"]
[Round "1.1"]
[White "Kuckling, Hannah"]
[Black "Scognamiglio, Stefanie"]
[Result "1-0"]
[WhiteElo "2094"]
[BlackElo "2080"]
[PlyCount "179"]
[EventDate "2018.10.27"]
[EventType "team-tourn"]
[EventCountry "GER"]
[WhiteTeam "Paderborn SK Blauer Springer"]
[BlackTeam "Hamburger SK II"]
[WhiteTeamCountry "GER"]
[BlackTeamCountry "GER"]

1. e4 c5 2. Nf3 Nc6 3. b4 Nxb4 4. c3 Nc6 5. d4 d5 6. exd5 Qxd5 7. Be2 cxd4 8.
cxd4 e6 9. O-O Qa5 10. Bd2 Bb4 11. a3 Nf6 12. Bxb4 Nxb4 13. axb4 Qxa1 14. Qb3
Nd5 15. Bc4 a5 16. Bxd5 axb4 17. Bc4 O-O 18. Qxb4 Qa4 19. Qc3 Bd7 20. Qd3 h6
21. Ne5 Bc6 22. Nc3 Qa3 23. Ba2 Bb5 24. Nxb5 Qxd3 25. Nxd3 Rxa2 26. Ne5 Rd8 27.
Rb1 Rc2 28. g3 Rd5 29. Kg2 h5 30. h4 g6 31. Rb4 Kg7 32. Na3 Rc7 33. Nf3 Rc3 34.
Nb1 Rc7 35. Rb6 e5 36. dxe5 Rd3 37. Nbd2 Rdc3 38. Nd4 Rd3 39. N2f3 Rd7 40. Rb4
Re7 41. Rb6 Ra3 42. Rb5 Ra4 43. Nb3 Ra2 44. Nc5 Rc7 45. Ne4 Rc4 46. Nfg5 Rc7
47. Nd6 Rcc2 48. Nge4 Rab2 49. Rxb7 Rxb7 50. Nxb7 Ra2 51. Nbd6 Re2 52. Kf1 Ra2
53. Ng5 f5 54. Ne6+ Kh7 55. Nf4 Kg7 56. e6 Kf6 57. Nxg6 Kxe6 58. Nc4 Kd5 59.
Ne3+ Ke4 60. Kg2 Ra6 61. Nf4 Rh6 62. Nc4 Kd4 63. Nd2 Ke5 64. Kf3 Kd4 65. Nf1
Ke5 66. Ke3 Rh7 67. Nd3+ Kf6 68. Kf4 Rd7 69. Ke3 Re7+ 70. Kf3 Kg6 71. Nf4+ Kh6
72. Ne3 Re5 73. Ne2 Ra5 74. Nd4 Kg6 75. Ndxf5 Ra2 76. Nd4 Rd2 77. Ne2 Ra2 78.
Nf4+ Kh6 79. Nf5+ Kh7 80. Nxh5 Kg6 81. g4 Rb2 82. Nf4+ Kh7 83. g5 Ra2 84. h5
Ra5 85. Kg4 Ra2 86. f3 Ra1 87. g6+ Kh8 88. Kg5 Ra6 89. h6 Kg8 90. Ne7+ 1-0

[Event "FBL W"]
[Site "?"]
[Date "2018.10.27"]
[Round "1.2"]
[White "Reppen, Ellisiv"]
[Black "Bork, Sophie"]
[Result "1-0"]
[WhiteElo "2016"]
[BlackElo "1866"]
[PlyCount "67"]
[EventDate "2018.10.27"]
[EventType "team-tourn"]
[EventCountry "GER"]
[WhiteTeam "Hamburger SK II"]
[BlackTeam "Paderborn SK Blauer Springer"]
[WhiteTeamCountry "GER"]
[BlackTeamCountry "GER"]

1. e4 e5 2. Nf3 Nc6 3. Bc4 Bc5 4. c3 Nf6 5. d3 O-O 6. O-O d5 7. exd5 Nxd5 8. b4
Be7 9. a4 Bg4 10. h3 Bh5 11. b5 Na5 12. Ba2 Nf4 13. Bxf4 exf4 14. d4 c6 15.
Nbd2 Qc7 16. Ne4 Rfe8 17. Qd3 Rad8 18. Rfe1 Bg6 19. Rad1 cxb5 20. axb5 Bf8 21.
Nh4 Bh5 22. Ng5 Rxe1+ 23. Rxe1 g6 24. Nxf7 Rb8 25. Ne5+ Kg7 26. g4 fxg3 27.
fxg3 Be7 28. Rf1 Rf8 29. Rxf8 Bxf8 30. g4 Qe7 31. Nhf3 Qf6 32. gxh5 Qf4 33. Kg2
gxh5 34. Bb1 1-0

[Event "FBL W"]
[Site "?"]
[Date "2018.10.27"]
[Round "1.3"]
[White "Browning, Rebecca"]
[Black "Meyer, Bettina"]
[Result "0-1"]
[WhiteElo "1873"]
[BlackElo "1981"]
[PlyCount "80"]
[EventDate "2018.10.27"]
[EventType "team-tourn"]
[EventCountry "GER"]
[WhiteTeam "Paderborn SK Blauer Springer"]
[BlackTeam "Hamburger SK II"]
[WhiteTeamCountry "GER"]
[BlackTeamCountry "GER"]

1. e4 e6 2. Nf3 d5 3. e5 c5 4. b4 a6 5. bxc5 Bxc5 6. d4 Ba7 7. c3 Ne7 8. Bd3
Bd7 9. O-O Nbc6 10. a4 Na5 11. Kh1 Rc8 12. Ng5 Ng6 13. Qh5 Nb3 14. Ba3 Nxa1 15.
Nxh7 Qh4 16. Bxg6 Qxh5 17. Bxh5 Rxh7 18. Bd1 g6 19. Bb2 Nc2 20. Bxc2 Bxd4 21.
Bxg6 fxg6 22. cxd4 Rc2 23. Ba3 Bxa4 24. Bb4 Rhc7 25. Na3 Rxf2 26. Re1 Rcf7 27.
Kg1 Rb2 28. Bd6 Rff2 29. Rc1 Rxg2+ 30. Kf1 Bc6 31. h4 Rh2 32. Kg1 Rxh4 33. Nc2
a5 34. Ba3 Rb3 35. Kg2 Rhh3 36. Bd6 Rhd3 37. Kf2 Rbc3 38. Ke2 Bb5 39. Ke1 Rh3
40. Kf2 Rh2+ 0-1

[Event "FBL W"]
[Site "?"]
[Date "2018.10.27"]
[Round "1.4"]
[White "Koellner, Felicitas Ophelia"]
[Black "Moeller, Lisa Marie"]
[Result "1-0"]
[WhiteElo "1839"]
[BlackElo "1868"]
[PlyCount "115"]
[EventDate "2018.10.27"]
[EventType "team-tourn"]
[EventCountry "GER"]
[WhiteTeam "Hamburger SK II"]
[BlackTeam "Paderborn SK Blauer Springer"]
[WhiteTeamCountry "GER"]
[BlackTeamCountry "GER"]

1. d4 c5 2. d5 Nf6 3. Nc3 d6 4. e4 g6 5. Be2 Bg7 6. Nf3 O-O 7. O-O Na6 8. Re1
Nc7 9. a4 b6 10. Nd2 Nd7 11. Nc4 Ba6 12. Ne3 Bxe2 13. Qxe2 a6 14. Ng4 Ne5 15.
Nxe5 Bxe5 16. Bh6 Re8 17. Qd2 b5 18. Rab1 Qd7 19. b3 b4 20. Nd1 Rab8 21. Qe2 e6
22. dxe6 Rxe6 23. Ne3 Bc3 24. Red1 Rxe4 25. Qf3 Rbe8 26. Bf4 Bd4 27. h3 Bxe3
28. Bxe3 Qe6 29. Bf4 Nd5 30. Bd2 Rd4 31. Re1 Qd7 32. Rxe8+ Qxe8 33. Re1 Qd7 34.
Bh6 f5 35. g4 Nc7 36. Qb7 fxg4 37. Qb8+ Ne8 38. Qxe8+ Qxe8 39. Rxe8+ Kf7 40.
Ra8 gxh3 41. Kh2 Kf6 42. Be3 Rh4 43. Rxa6 Ke5 44. a5 Kd5 45. Bg5 Re4 46. Kxh3
Re2 47. Kg2 Rxc2 48. Bf4 Rb2 49. Rxd6+ Ke4 50. Be3 Rxb3 51. Bxc5 Ke5 52. a6 Ra3
53. Bxb4 Ra4 54. Rb6 Kd5 55. Bd2 Ra3 56. Be3 Ke5 57. Rb5+ Kd6 58. Bc5+ 1-0

[Event "FBL W"]
[Site "?"]
[Date "2018.10.27"]
[Round "1.6"]
[White "Wulf, Constanze"]
[Black "Walow, Xenia"]
[Result "1-0"]
[WhiteElo "1661"]
[BlackElo "1747"]
[PlyCount "71"]
[EventDate "2018.10.27"]
[EventType "team-tourn"]
[EventCountry "GER"]
[WhiteTeam "Hamburger SK II"]
[BlackTeam "Paderborn SK Blauer Springer"]
[WhiteTeamCountry "GER"]
[BlackTeamCountry "GER"]

1. e4 c5 2. Nf3 d6 3. c3 e6 4. d4 cxd4 5. cxd4 Nf6 6. Nc3 Bd7 7. e5 dxe5 8.
dxe5 Ng4 9. h3 Nxf2 10. Kxf2 Bc5+ 11. Kg3 Qb6 12. Ne4 Be7 13. Qd4 Qc7 14. Nd6+
Kf8 15. Bf4 Nc6 16. Qd2 h6 17. Kh2 g5 18. Bg3 Rg8 19. Qc2 Rg7 20. b4 Qb6 21. b5
Nb4 22. Qf2 Qc7 23. Be2 b6 24. Rhc1 Qb8 25. Nd4 Nd5 26. Bh5 Be8 27. Nc6 Qc7 28.
Nxe7 Qxe7 29. Rf1 Rd8 30. a4 Rd7 31. a5 Rc7 32. Ra3 Kg8 33. Qd2 Qd8 34. Raf3
Re7 35. Qf2 Qc7 36. Nxe8 1-0

[Event "FBL W"]
[Site "?"]
[Date "2018.10.27"]
[Round "1.1"]
[White "Michna, Marta"]
[Black "Vogel, Heike"]
[Result "1-0"]
[WhiteElo "2329"]
[BlackElo "2150"]
[PlyCount "105"]
[EventDate "2018.10.27"]
[EventType "team-tourn"]
[EventCountry "GER"]
[WhiteTeam "Kiel SK Doppelbauer"]
[BlackTeam "Muelheim SV Nord"]
[WhiteTeamCountry "GER"]
[BlackTeamCountry "GER"]

1. Nf3 g6 2. d4 Bg7 3. e4 c5 4. dxc5 b6 5. cxb6 Qxb6 6. c3 Nf6 7. e5 Ng4 8. Qd4
d5 9. Qxb6 axb6 10. Bf4 Nd7 11. Bb5 O-O 12. Bxd7 Bxd7 13. Nbd2 f6 14. exf6 Rxf6
15. Bg3 Re6+ 16. Kf1 Bb5+ 17. Kg1 Re2 18. h3 Ne5 19. Nd4 Rxd2 20. Nxb5 Rxb2 21.
Nc7 Ra5 22. Rd1 Kf7 23. Nxd5 Raxa2 24. Kh2 Nc4 25. Rd3 Be5 26. Rf3+ Kg7 27. Nb4
Ra3 28. Bxe5+ Nxe5 29. Re3 Nc4 30. Rxe7+ Kh6 31. Rhe1 Rxf2 32. R1e4 Rxc3 33.
Rc7 b5 34. Rh4+ Kg5 35. Rg4+ Kh6 36. Nd5 Rcf3 37. Ne7 Rf8 38. Rh4+ Kg5 39. Rg4+
Kh6 40. Rh4+ Kg5 41. Rxh7 Ne3 42. Rc5+ Nf5 43. Rxb5 Rd8 44. h4+ Kg4 45. Rb4+
Rf4 46. Rxf4+ Kxf4 47. Nxg6+ Kg4 48. Ne5+ Kf4 49. Nf3 Re8 50. Kh3 Rg8 51. Rf7
Rg3+ 52. Kh2 Rg8 53. Nd4 1-0

[Event "FBL W"]
[Site "?"]
[Date "2018.10.27"]
[Round "1.2"]
[White "Limbourg, Marina"]
[Black "Kopylov, Luba"]
[Result "0-1"]
[WhiteElo "2018"]
[BlackElo "2079"]
[PlyCount "82"]
[EventDate "2018.10.27"]
[EventType "team-tourn"]
[EventCountry "GER"]
[WhiteTeam "Muelheim SV Nord"]
[BlackTeam "Kiel SK Doppelbauer"]
[WhiteTeamCountry "GER"]
[BlackTeamCountry "GER"]

1. e4 Nc6 2. Nc3 Nf6 3. d4 d6 4. d5 Ne5 5. f4 Ng6 6. Nf3 e6 7. dxe6 fxe6 8. Bc4
c6 9. Ng5 d5 10. e5 Bb4 11. exf6 gxf6 12. Bd3 fxg5 13. Qh5 Qf6 14. O-O O-O 15.
Bd2 Qg7 16. fxg5 Bd7 17. Kh1 Bd6 18. Ne2 e5 19. Bc3 b5 20. a3 c5 21. Bxg6 hxg6
22. Qh4 d4 23. Bd2 Bf5 24. Ng3 Qh7 25. Nxf5 gxf5 26. Qg3 Qg6 27. Qb3+ Kg7 28.
Rf3 Rh8 29. Qxb5 Raf8 30. Raf1 e4 31. Bf4 Rf7 32. Bxd6 Qxd6 33. Rf4 Rb8 34. Qe2
Rxb2 35. Rxf5 Rxf5 36. Rxf5 Rb1+ 37. Rf1 d3 38. cxd3 exd3 39. Qf3 Rxf1+ 40.
Qxf1 d2 41. Qd1 Qd4 0-1

[Event "FBL W"]
[Site "?"]
[Date "2018.10.27"]
[Round "1.3"]
[White "Rath, Alina"]
[Black "Sokalskaja, Elena"]
[Result "1-0"]
[WhiteElo "2023"]
[BlackElo "2075"]
[PlyCount "175"]
[EventDate "2018.10.27"]
[EventType "team-tourn"]
[EventCountry "GER"]
[WhiteTeam "Kiel SK Doppelbauer"]
[BlackTeam "Muelheim SV Nord"]
[WhiteTeamCountry "GER"]
[BlackTeamCountry "GER"]

1. c4 c6 2. Nc3 d5 3. d4 Nf6 4. e3 e6 5. Nf3 Nbd7 6. Bd3 dxc4 7. Bxc4 b5 8. Bd3
a6 9. O-O Bb7 10. a4 Be7 11. Qc2 Rc8 12. Rd1 Qc7 13. Rb1 b4 14. Ne4 c5 15. Nxc5
Bxc5 16. dxc5 Nxc5 17. Ra1 O-O 18. Bd2 Qb8 19. Rac1 Rfd8 20. Bf1 Bd5 21. Qb1
Bb3 22. Re1 Bxa4 23. Rc4 a5 24. Rec1 Nfd7 25. Rh4 g6 26. e4 Nb3 27. Rxc8 Rxc8
28. Be3 Ne5 29. Nxe5 Qxe5 30. Qa2 Nc5 31. Bxc5 Rxc5 32. Qxa4 Qxb2 33. Qe8+ Kg7
34. Rf4 Rc7 35. Rf3 Qc1 36. Qb5 Rc5 37. Qb7 Rc7 38. Qb6 Rc5 39. Qa7 Rc7 40.
Qxa5 Rc4 41. Qa7 Rc7 42. Qd4+ Kg8 43. Qxb4 Kg7 44. Qd4+ Kg8 45. Qd8+ Kg7 46.
Qf6+ Kg8 47. Rd3 Rc8 48. Rd7 Rf8 49. g3 Qc6 50. Qd4 h5 51. h4 Rb8 52. Kh2 Qc8
53. Bh3 Qe8 54. Qd6 Qf8 55. Qxf8+ Kxf8 56. f4 Rb2+ 57. Bg2 Rc2 58. Ra7 Re2 59.
Kg1 Rb2 60. e5 Rb3 61. Kh2 Rb2 62. Ra3 Rc2 63. Kh3 Rd2 64. Bf3 Rf2 65. g4 hxg4+
66. Kxg4 Rf1 67. Kg5 Kg7 68. h5 Rg1+ 69. Bg4 gxh5 70. Kxh5 Rh1+ 71. Kg5 Rg1 72.
Ra7 Rg2 73. Kh4 Rh2+ 74. Kg5 Rg2 75. f5 exf5 76. Kxf5 Kg8 77. Kg5 Rg1 78. Kf4
Re1 79. Bf3 Rf1 80. Ke3 Rg1 81. Bd5 Rf1 82. Kd4 Rd1+ 83. Kc5 Rc1+ 84. Kd6 Rd1
85. Rxf7 Rxd5+ 86. Kxd5 Kxf7 87. Kd6 Kf8 88. Kd7 1-0

[Event "FBL W"]
[Site "?"]
[Date "2018.10.27"]
[Round "1.4"]
[White "Sokalska, Viktorija"]
[Black "Silz, Elisa"]
[Result "1-0"]
[WhiteElo "1989"]
[BlackElo "1995"]
[PlyCount "119"]
[EventDate "2018.10.27"]
[EventType "team-tourn"]
[EventCountry "GER"]
[WhiteTeam "Muelheim SV Nord"]
[BlackTeam "Kiel SK Doppelbauer"]
[WhiteTeamCountry "GER"]
[BlackTeamCountry "GER"]

1. e4 c5 2. Nc3 d6 3. g3 Nc6 4. Bg2 g6 5. d3 Bg7 6. Nge2 e6 7. O-O Nge7 8. Be3
Nd4 9. Qd2 O-O 10. f4 Rb8 11. Nd1 e5 12. c3 Nxe2+ 13. Qxe2 b6 14. Nf2 Bb7 15.
Rad1 exf4 16. Bxf4 Nc6 17. Ng4 Qe7 18. Qd2 Ne5 19. Ne3 Rbe8 20. h4 h5 21. Kh1
Ng4 22. Nxg4 hxg4 23. Rde1 Kh7 24. Rf2 Rh8 25. Ref1 f6 26. Kg1 Qe6 27. Bh1 Re7
28. Rh2 Rhe8 29. a3 d5 30. e5 fxe5 31. Bg5 Rf7 32. Rxf7 Qxf7 33. Rf2 Qd7 34.
Bf6 Rf8 35. Bxg7 Qxg7 36. Qg5 Rxf2 37. Kxf2 e4 38. dxe4 dxe4 39. Ke3 Qf7 40.
Qxg4 Qf5 41. Qf4 Qxf4+ 42. Kxf4 e3 43. Bf3 Kg7 44. Kxe3 Bc8 45. Kf4 Kf6 46. Be4
Be6 47. g4 Bf7 48. Bd3 Be8 49. Bc4 a5 50. g5+ Ke7 51. Ke5 Bd7 52. Bd3 Be8 53.
Kd5 a4 54. Bc2 b5 55. Kxc5 Ke6 56. Kd4 Kd6 57. Bd3 Ke6 58. Be4 Kd6 59. Bd5 Bd7
60. Bf7 1-0

[Event "FBL W"]
[Site "?"]
[Date "2018.10.27"]
[Round "1.5"]
[White "Hielscher, Ursula"]
[Black "Hausrath, Michaela"]
[Result "1-0"]
[WhiteElo "1768"]
[BlackElo "1761"]
[PlyCount "77"]
[EventDate "2018.10.27"]
[EventType "team-tourn"]
[EventCountry "GER"]
[WhiteTeam "Kiel SK Doppelbauer"]
[BlackTeam "Muelheim SV Nord"]
[WhiteTeamCountry "GER"]
[BlackTeamCountry "GER"]

1. d4 Nf6 2. c4 e6 3. Nc3 Bb4 4. Bd2 b6 5. e3 Bb7 6. Nf3 O-O 7. Bd3 d5 8. O-O
dxc4 9. Bxc4 c5 10. a3 Bxc3 11. Bxc3 Nbd7 12. Qe2 Ne4 13. Rfd1 Nxc3 14. bxc3
Qe7 15. Bb5 Rfd8 16. Rd2 Nf6 17. Ne5 Nd5 18. Rc1 Rac8 19. c4 Nf6 20. Rcd1 cxd4
21. Rxd4 Rxd4 22. Rxd4 Qxa3 23. Qd1 h6 24. Rd8+ Rxd8 25. Qxd8+ Qf8 26. Qc7 a6
27. Ba4 b5 28. cxb5 axb5 29. Bxb5 Bd5 30. f3 Ne8 31. Qa7 Nd6 32. Bd3 f6 33. Ng6
Qe8 34. Qc7 Nf5 35. e4 Qxg6 36. exd5 Qf7 37. Qc8+ Qf8 38. Qxe6+ Kh8 39. Qxf5
1-0

[Event "FBL W"]
[Site "?"]
[Date "2018.10.27"]
[Round "1.6"]
[White "Stoer, Agnes"]
[Black "Schlueter, Sabrina"]
[Result "0-1"]
[WhiteElo "1893"]
[BlackElo "1762"]
[PlyCount "112"]
[EventDate "2018.10.27"]
[EventType "team-tourn"]
[EventCountry "GER"]
[WhiteTeam "Muelheim SV Nord"]
[BlackTeam "Kiel SK Doppelbauer"]
[WhiteTeamCountry "GER"]
[BlackTeamCountry "GER"]

1. Nf3 d5 2. d4 Nf6 3. Bf4 c6 4. Nbd2 Bg4 5. h3 Bh5 6. e3 Nbd7 7. c4 e6 8. a3
Ne4 9. Be2 Nxd2 10. Nxd2 Bxe2 11. Qxe2 Be7 12. O-O O-O 13. b4 Nf6 14. Rac1 dxc4
15. Nxc4 Nd5 16. Bg3 Nb6 17. Na5 Qd7 18. Rc2 a6 19. Rfc1 Rac8 20. Nb3 Na4 21.
Nd2 Bd6 22. Qg4 f5 23. Qh5 Nb6 24. Bxd6 Qxd6 25. f4 Rf6 26. Qe2 Rg6 27. Nf3 Nd5
28. Ng5 Rf8 29. Nf3 Rff6 30. Kh2 Rh6 31. Ne5 Rh4 32. g3 Rhh6 33. e4 Nxf4 34.
gxf4 Rh4 35. Kg3 Rfh6 36. Rh1 a5 37. exf5 Qxd4 38. Ng6 Rxg6+ 39. fxg6 Qxf4+ 40.
Kg2 Qg5+ 41. Kh2 Qxg6 42. Rd2 Qf5 43. Rd3 Rf4 44. Kg1 Qg6+ 45. Kh2 Qf6 46. Kg2
Qg5+ 47. Rg3 Qd5+ 48. Kh2 Rd4 49. Qf1 Rd2+ 50. Rg2 Qd6+ 51. Kg1 Rd1 52. Qxd1
Qxd1+ 53. Kh2 Qd6+ 54. Rg3 axb4 55. axb4 Qxb4 56. Rhg1 Qd6 0-1